00778nam a22001817a 4500003000900000008004100009040007100050082001800121100002100139245007400160260004400234300002600278505021100304650003000515650001500545650001700560700001900577AR-CdUCM190301b ||||| |||| 00| 0 spa d aMUNICIPALIDAD PROVINCIAL DEL CUSCOcBIBLIOTECA MUNICIPAL DEL CUSCO a375.51 /bH19 aHammonds, Carsie aLa enseñanza :bSu orientación, sus funciones, sus motivaciones / aMéxico D.F : bEdit. Trillas, c1972. a204 paginas ;c21 cm. aLa enseñanza vocacional como profesión -- Filosofía de la educación vocacional -- Elaboración de un curso de estudio -- Como comprender a los estudiantes -- Algunos principios del aprendizaje ...  aOrientación profesional aEducadores aCapacitacion aLamar, Carl F.